Loading...
Research proposal writing /
| Main Author: | |
|---|---|
| Format: | Printed Book |
| Language: | English |
| Published: |
Delhi :
Rajat Publications,
2014.
|
| LEADER | 00530nam a22001457a 4500 | ||
|---|---|---|---|
| 008 | 150821b xxu||||| |||| 00| 0 eng d | ||
| 020 | |a 9789382398189 | ||
| 082 | |a 808.066 YAD | ||
| 100 | |a Yadav, Aayushi | ||
| 245 | |a Research proposal writing / |c Yadav, Aayushi | ||
| 260 | |a Delhi : |b Rajat Publications, |c 2014. | ||
| 300 | |a 200p. | ||
| 942 | |2 ddc |c BK | ||
| 999 | |c 12079 |d 12079 | ||
| 952 | |0 0 |1 0 |2 ddc |4 0 |6 808_066000000000000_YAD |7 0 |9 17078 |a MAIN |b MAIN |d 2015-08-21 |e Penta Books |g 750.00 |l 1 |o 808.066 YAD |p 17308 |r 2016-11-09 |s 2015-08-21 |t 1 |w 2015-08-21 |y BK | ||